ՀՀ Գիտությունների ազգային ակադեմիայի հիմնարար գիտական գրադարան  =   Fundamental Scientific Library of NAS RA

Овод : (Record no. 288049)

MARC details
000 -LEADER
fixed length control field 00858nam a2200217 u 4500
001 - CONTROL NUMBER
control field 000788830
003 - CONTROL NUMBER IDENTIFIER
control field AM-YeHGA
005 - DATE AND TIME OF LATEST TRANSACTION
control field 20250617144122.0
008 - FIXED-LENGTH DATA ELEMENTS--GENERAL INFORMATION
fixed length control field 110214s1981 ||||||||||||||||||||rus|c
040 ## - CATALOGING SOURCE
Original cataloging agency AM-YeHGA
041 1# - LANGUAGE CODE
Language code of text/sound track or separate title rus
Language code of original eng
090 ## - LOCALLY ASSIGNED LC-TYPE CALL NUMBER (OCLC); LOCAL CALL NUMBER (RLIN)
-- 289721
100 1# - MAIN ENTRY--PERSONAL NAME
Personal name Войнич, Этель Лилиан
245 10 - TITLE STATEMENT
Title Овод :
Remainder of title Роман /
Statement of responsibility, etc. Этель Лилиан Войнич ; Пер. Н. Волжиной ; Ил. В. Чебаника ; Послесл. Л. Потемкиной.
260 ## - PUBLICATION, DISTRIBUTION, ETC.
Place of publication, distribution, etc. Днепропетровск :
Name of publisher, distributor, etc. Промiнь,
Date of publication, distribution, etc. 1981.
300 ## - PHYSICAL DESCRIPTION
Extent 271 с. :
Other physical details ил.
650 14 - SUBJECT ADDED ENTRY--TOPICAL TERM
Topical term or geographic name entry element Английская литература
700 1# - ADDED ENTRY--PERSONAL NAME
Personal name Волжина, Наталия
Relator term пер.
Relationship trl
700 1# - ADDED ENTRY--PERSONAL NAME
Personal name Чебаник, Василий
Relator term авт. ил.
Relationship ill
700 1# - ADDED ENTRY--PERSONAL NAME
Personal name Потемкина, Лидия
Relator term авт. послесл.
Relationship aft
Holdings
Withdrawn status Lost status Damaged status Not for loan Collection Home library Current library Date acquired Total checkouts Full call number Barcode Date last seen Price effective from Koha item type Public note
        General Fundamental Scientific Library Fundamental Scientific Library 29/12/2016   PII/468558 FL0304536 29/12/2016 29/12/2016 Գրքեր / Books 30 Days Loan


ՀՀ ԳԱԱ հիմնարար գիտական գրադարան
ՀՀ,Երևան 0019
Մարշալ Բաղրամյան 24/6
հեռախոս:(374-10) 52-47-50
Հետադարձ կապ

All site content, except where otherwise noted, is licensed under a
Creative Commons License